[Event "4NCL Division 3 South"]
[Site "Milton Keynes, ENG"]
[Date "2022.06.26"]
[Round "8.11"]
[White "Zhang, Anthony Y"]
[Black "Harley, Andrew D"]
[Result "0-1"]
[WhiteElo "2253"]
[BlackElo "2174"]
[PlyCount "98"]
[EventDate "2022.06.26"]
[WhiteTeam "SchachAttack"]
[BlackTeam "Poisoned Pawns"]

1. d4 e6 2. Nf3 Nf6 3. c4 b6 4. g3 Ba6 5. Qc2 Bb7 6. Bg2 c5 7. d5 exd5 8. cxd5
Nxd5 9. O-O Nc6 10. Rd1 Ndb4 11. Qa4 b5 12. Qb3 Na5 13. Qc3 Qf6 14. Qd2 O-O-O
15. Na3 a6 16. Ne1 Bxg2 17. Kxg2 d5 18. Nec2 Nc4 19. Qe1 Nxa3 20. Nxa3 d4 21.
Bd2 Nc6 22. Rac1 Kb7 23. Nc2 Be7 24. b3 h5 25. h4 Qe6 26. f4 Qe4+ 27. Kh2 Bd6
28. Qf2 Rhe8 29. e3 d3 30. Ne1 f6 31. Rc3 c4 32. bxc4 bxc4 33. Qf3 Bb4 34. Rcc1
Bxd2 35. Qxe4 Rxe4 36. Rxd2 Rxe3 37. Ng2 Re4 38. Kg1 Rde8 39. Kf1 Kb6 40. Ne1
Kc7 41. Nf3 Re3 42. Ng1 Na5 43. Kf2 Kd6 44. Rc3 Kc5 45. Rc1 Nc6 46. Rb2 Nb4 47.
a3 Nc2 48. Rb7 R3e7 49. Rxe7 Rxe7 0-1

[Event "4NCL Division 3 South"]
[Site "Milton Keynes, ENG"]
[Date "2022.06.26"]
[Round "8.12"]
[White "Pickard, Charles"]
[Black "Waller, Dan"]
[Result "1-0"]
[WhiteElo "2112"]
[BlackElo "2099"]
[PlyCount "63"]
[EventDate "2022.06.26"]
[WhiteTeam "Poisoned Pawns"]
[BlackTeam "SchachAttack"]

1. c4 f5 2. g3 Nf6 3. Bg2 e6 4. Nf3 d5 5. d4 c6 6. b3 Bd6 7. O-O Qe7 8. a4 a5
9. Ba3 b6 10. Ne5 Bb7 11. Qc1 c5 12. e3 O-O 13. Nc3 Na6 14. cxd5 exd5 15. Nd3
Nb4 16. Bxb4 cxb4 17. Nb5 Bb8 18. Qb2 Bc6 19. Rac1 Qe8 20. Qc2 Bxb5 21. axb5
Qxb5 22. Qc6 Qxc6 23. Rxc6 Ba7 24. Rxf6 gxf6 25. Bxd5+ Kg7 26. Bxa8 Rxa8 27.
Rc1 b5 28. Rc7+ Kg8 29. Kf1 Bb6 30. Rb7 a4 31. Rxb6 a3 32. Nxb4 1-0

[Event "4NCL Division 3 South"]
[Site "Milton Keynes, ENG"]
[Date "2022.06.26"]
[Round "8.13"]
[White "Wilks, Simon"]
[Black "Kemp, Paul R"]
[Result "1-0"]
[WhiteElo "2089"]
[BlackElo "1995"]
[PlyCount "55"]
[EventDate "2022.06.26"]
[WhiteTeam "SchachAttack"]
[BlackTeam "Poisoned Pawns"]

1. d4 g6 2. c4 Nf6 3. Nf3 Bg7 4. Nc3 d6 5. Bg5 O-O 6. e3 c6 7. Be2 Nbd7 8. Qc2
a6 9. O-O b6 10. Rfd1 Bb7 11. e4 Qc7 12. Rac1 Rfe8 13. h3 Rac8 14. Bf4 e5 15.
dxe5 dxe5 16. Be3 Bf8 17. a3 Nc5 18. b4 Ne6 19. Qb3 Rcd8 20. Nd5 Nxd5 21. cxd5
Nf4 22. Bf1 b5 23. a4 Qe7 24. dxc6 bxa4 25. Qxa4 Rxd1 26. Rxd1 Bc8 27. Bc5 Qf6
28. c7 1-0

[Event "4NCL Division 3 South"]
[Site "Milton Keynes, ENG"]
[Date "2022.06.26"]
[Round "8.14"]
[White "McMahon, Paul"]
[Black "Moyse, Nigel John"]
[Result "0-1"]
[WhiteElo "1904"]
[BlackElo "2010"]
[PlyCount "104"]
[EventDate "2022.06.26"]
[WhiteTeam "Poisoned Pawns"]
[BlackTeam "SchachAttack"]

1. e4 d6 2. d4 Nf6 3. Nc3 g6 4. Bc4 c6 5. Qd2 Nbd7 6. Nf3 Qa5 7. e5 dxe5 8.
dxe5 Nd5 9. Nxd5 Qxd2+ 10. Bxd2 cxd5 11. Bb5 a6 12. Ba4 b5 13. Bb3 e6 14. O-O
a5 15. a4 b4 16. Rfe1 Nc5 17. Nd4 Ba6 18. Rad1 Rc8 19. Bc1 Be7 20. g3 h5 21.
Re3 Bd8 22. c3 Nxb3 23. Nxb3 Bb6 24. Nd4 bxc3 25. Rxc3 Rxc3 26. bxc3 Kd7 27.
Ba3 Bc7 28. f4 Rb8 29. Kg2 Bc4 30. Rd2 Bb3 31. Nb5 Rb7 32. Nd6 Bxd6 33. Bxd6
Bxa4 34. Ra2 Bc6 35. Kf2 a4 36. Bb4 Bb5 37. Ke3 Kc6 38. Kd4 Ra7 39. Ra1 Ra8 40.
Be7 Bc4 41. Bb4 Kb5 42. Ra3 Bb3 43. Ra1 Rc8 44. Re1 Rc4+ 45. Kd3 Rxb4 46. cxb4
Kxb4 47. Kd2 a3 48. Kc1 d4 49. Kd2 a2 50. Kd3 Ka3 51. Rf1 Kb2 52. Rf2+ Kc1 0-1

[Event "4NCL Division 3 South"]
[Site "Milton Keynes, ENG"]
[Date "2022.06.26"]
[Round "8.15"]
[White "Kadodwala, Nalin"]
[Black "Pilowsky Bankirer, Oded"]
[Result "1-0"]
[WhiteElo "2073"]
[BlackElo "1858"]
[PlyCount "69"]
[EventDate "2022.06.26"]
[WhiteTeam "SchachAttack"]
[BlackTeam "Poisoned Pawns"]

1. Nf3 Nc6 2. d4 d5 3. c4 e6 4. a3 h6 5. e3 Nf6 6. Nc3 Be7 7. b4 a6 8. Bb2 O-O
9. Qc2 Re8 10. Rd1 Bf8 11. Ne5 Qe7 12. Nxc6 bxc6 13. Be2 a5 14. b5 c5 15. dxc5
Qxc5 16. Na4 Qe7 17. c5 c6 18. Nb6 Rb8 19. Be5 Bb7 20. Bd6 Qd8 21. Bxb8 Qxb8
22. O-O Rd8 23. f3 Qc7 24. Rc1 e5 25. a4 d4 26. e4 Nd7 27. Nxd7 Qxd7 28. Bd3
Be7 29. Rb1 Bg5 30. Rfd1 h5 31. Rb3 Be3+ 32. Kh1 g5 33. bxc6 Bxc6 34. Bb5 Rc8
35. Rxe3 1-0

[Event "4NCL Division 3 South"]
[Site "Milton Keynes, ENG"]
[Date "2022.06.26"]
[Round "8.16"]
[White "Judkins, Brian D"]
[Black "Shepherd, Tom"]
[Result "0-1"]
[WhiteElo "1718"]
[BlackElo "2022"]
[PlyCount "74"]
[EventDate "2022.06.26"]
[WhiteTeam "Poisoned Pawns"]
[BlackTeam "SchachAttack"]

1. e4 e5 2. Nf3 Nc6 3. Bc4 Bc5 4. d3 Nf6 5. O-O d6 6. c3 a5 7. h3 O-O 8. Nbd2
Ba7 9. Re1 Be6 10. Bb3 Bxb3 11. axb3 d5 12. Qe2 Re8 13. Nf1 Qd7 14. Ng3 Rad8
15. Bg5 Qe6 16. Qc2 h6 17. Bd2 Bb6 18. Rad1 Qd7 19. Bc1 dxe4 20. dxe4 Qe6 21.
Nh4 Ne7 22. Nhf5 Nxf5 23. Nxf5 Bc5 24. Be3 Bf8 25. f3 Kh7 26. Bf2 Nh5 27. Rxd8
Rxd8 28. Rd1 Rd7 29. Ne3 Nf4 30. Rxd7 Qxd7 31. Nd5 Ne6 32. Qd1 Kh8 33. Qc2 Qb5
34. Ne3 Nf4 35. Nc4 a4 36. Nd2 Qe2 37. bxa4 Bc5 0-1

[Event "4NCL Division 3 South"]
[Site "Milton Keynes, ENG"]
[Date "2022.06.26"]
[Round "8.21"]
[White "Rich, Mark C"]
[Black "Cooksey, Paul S"]
[Result "0-1"]
[WhiteElo "2065"]
[BlackElo "2282"]
[PlyCount "128"]
[EventDate "2022.06.26"]
[WhiteTeam "Cambridge University 2"]
[BlackTeam "Crowthorne A"]

1. e4 c6 2. d4 d5 3. exd5 cxd5 4. Bd3 Nc6 5. c3 Qc7 6. Ne2 Bg4 7. Qb3 Bxe2 8.
Bxe2 e6 9. Nd2 Bd6 10. Nf3 Nf6 11. O-O O-O 12. Bd3 Rfc8 13. Re1 h6 14. h3 a6
15. g4 b5 16. g5 hxg5 17. Bxg5 b4 18. Rac1 Bf4 19. Bxf4 Qxf4 20. Ne5 bxc3 21.
Nxc6 Rxc6 22. Rxc3 Rxc3 23. Qxc3 Rb8 24. b4 g6 25. a3 Kg7 26. Bxa6 Rh8 27. Qe3
Qd6 28. Bf1 Qb6 29. Bg2 Rc8 30. Qe5 Rc4 31. Re3 Qxd4 32. Qxd4 Rxd4 33. Rb3 Rd1+
34. Kh2 Nd7 35. a4 Ra1 36. a5 Kf6 37. Bf3 Ke5 38. Be2 Ra2 39. Bb5 Kd6 40. Kg3
Nf6 41. Bd3 Nh5+ 42. Kf3 e5 43. Bb1 Ra1 44. Kg4 Nf4 45. h4 d4 46. Kg5 Ke6 47.
Be4 f6+ 48. Kh6 f5 49. Bc6 d3 50. Rb2 Kd6 51. b5 Kc7 52. a6 Kb6 53. Be8 e4 54.
Kg5 Ne6+ 55. Kf6 Nc5 56. h5 gxh5 57. Kxf5 h4 58. Kf4 Rc1 59. f3 e3 60. Ra2 e2
61. a7 Ne6+ 62. Kf5 Nc7 63. Ra6+ Kb7 64. Bc6+ Rxc6 0-1

[Event "4NCL Division 3 South"]
[Site "Milton Keynes, ENG"]
[Date "2022.06.26"]
[Round "8.22"]
[White "Webb, Richard M"]
[Black "Atako, Chino C"]
[Result "1/2-1/2"]
[WhiteElo "2199"]
[BlackElo "1997"]
[PlyCount "35"]
[EventDate "2022.06.26"]
[WhiteTeam "Crowthorne A"]
[BlackTeam "Cambridge University 2"]

1. e4 d6 2. d4 Nf6 3. Nc3 g6 4. Nf3 Bg7 5. Be2 O-O 6. O-O a6 7. Re1 b5 8. e5
dxe5 9. dxe5 Ng4 10. Bf4 Bb7 11. h3 Nh6 12. Qc1 Nf5 13. Rd1 Qe8 14. g4 b4 15.
gxf5 bxc3 16. bxc3 Qc6 17. Qe3 Nd7 18. Rd4 1/2-1/2

[Event "4NCL Division 3 South"]
[Site "Milton Keynes, ENG"]
[Date "2022.06.26"]
[Round "8.23"]
[White "Chan, Nevil"]
[Black "Thompson, Ian D"]
[Result "1/2-1/2"]
[WhiteElo "2012"]
[BlackElo "2059"]
[PlyCount "87"]
[EventDate "2022.06.26"]
[WhiteTeam "Cambridge University 2"]
[BlackTeam "Crowthorne A"]

1. d4 d5 2. Nc3 Nf6 3. Bg5 Nbd7 4. Nf3 h6 5. Bh4 e6 6. e3 Be7 7. Bd3 c5 8. O-O
a6 9. a4 O-O 10. Ne5 Nxe5 11. dxe5 Nd7 12. Bxe7 Qxe7 13. f4 f6 14. Qh5 c4 15.
Bg6 Qc5 16. Qh3 fxe5 17. Qxe6+ Kh8 18. fxe5 Rg8 19. Qxd5 Qxe3+ 20. Kh1 Qxe5 21.
Qxc4 Nf6 22. Rac1 Qd6 23. Rcd1 Qb6 24. a5 Qe6 25. Bf7 Qxc4 26. Bxc4 Rf8 27. Nd5
Be6 28. Nb6 Bxc4 29. Nxc4 Rac8 30. b3 Rc5 31. Kg1 Kh7 32. h3 Rfc8 33. Rfe1 R8c7
34. Rd6 Rf5 35. Re2 Rfc5 36. g3 Rg5 37. Kf2 Rf5+ 38. Kg2 Rfc5 39. Ree6 Rf5 40.
Re1 Rg5 41. Re3 Nd5 42. Rf3 Nb4 43. Rf2 Nc6 44. Re2 1/2-1/2

[Event "4NCL Division 3 South"]
[Site "Milton Keynes, ENG"]
[Date "2022.06.26"]
[Round "8.24"]
[White "Coates, Kenneth G"]
[Black "Blackie, Neville J"]
[Result "1/2-1/2"]
[WhiteElo "2034"]
[BlackElo "2076"]
[PlyCount "78"]
[EventDate "2022.06.26"]
[WhiteTeam "Crowthorne A"]
[BlackTeam "Cambridge University 2"]

1. d4 Nf6 2. Bg5 Ne4 3. Bf4 c5 4. f3 Qa5+ 5. c3 Nf6 6. Nd2 cxd4 7. Nb3 Qb6 8.
Qxd4 Qxd4 9. Nxd4 d6 10. Bg3 Bd7 11. e4 g6 12. Bc4 Bg7 13. Nge2 O-O 14. O-O Nc6
15. Rad1 Na5 16. Bd3 Rac8 17. Rfe1 Rfd8 18. b3 a6 19. c4 Nc6 20. Nxc6 bxc6 21.
e5 Ne8 22. exd6 exd6 23. Bc2 d5 24. cxd5 cxd5 25. Bd3 Rc6 26. Bf2 Nc7 27. Nd4
Rc3 28. Re2 Nb5 29. Nxb5 axb5 30. Kf1 Bf6 31. Rc2 Ra8 32. Rxc3 Bxc3 33. Rc1 b4
34. Rc2 f6 35. Re2 Kf7 36. Bc5 Re8 37. Rxe8 Bxe8 38. Ke2 Ke6 39. Bf2 h5 1/2-1/2

[Event "4NCL Division 3 South"]
[Site "Milton Keynes, ENG"]
[Date "2022.06.26"]
[Round "8.25"]
[White "Webster, Peter A N"]
[Black "Purdon, Colin"]
[Result "0-1"]
[WhiteElo "1937"]
[BlackElo "1985"]
[PlyCount "44"]
[EventDate "2022.06.26"]
[WhiteTeam "Cambridge University 2"]
[BlackTeam "Crowthorne A"]

1. e4 c6 2. d4 d5 3. exd5 cxd5 4. c4 Nf6 5. Nc3 Nc6 6. Nf3 g6 7. Bg5 Be6 8.
Bxf6 exf6 9. Qe2 Bb4 10. cxd5 Qxd5 11. Qb5 O-O 12. a3 Qb3 13. axb4 Qxb2 14. Nd1
Qxa1 15. d5 Rad8 16. Bc4 Bxd5 17. Bxd5 Rfe8+ 18. Kd2 Qa2+ 19. Kc1 Rxd5 20. Qxb7
Qa1+ 21. Kc2 Re2+ 22. Kb3 Qa2+ 0-1

[Event "4NCL Division 3 South"]
[Site "Milton Keynes, ENG"]
[Date "2022.06.26"]
[Round "8.26"]
[White "McKean, Matthew"]
[Black "OShea, Colm"]
[Result "0-1"]
[WhiteElo "1400"]
[BlackElo "1839"]
[PlyCount "48"]
[EventDate "2022.06.26"]
[WhiteTeam "Crowthorne A"]
[BlackTeam "Cambridge University 2"]

1. c4 e5 2. Nc3 Bb4 3. g3 Bxc3 4. bxc3 d6 5. d4 Nc6 6. Bg2 Bd7 7. Rb1 b6 8. e4
Na5 9. Qd3 c5 10. Ne2 Ne7 11. O-O O-O 12. f4 f6 13. f5 Qc7 14. Be3 cxd4 15.
cxd4 Qxc4 16. Qxc4+ Nxc4 17. Bf2 Nd2 18. Nc3 Rac8 19. Be1 Nxb1 20. Nxb1 Bb5 21.
Bd2 Bxf1 22. Bxf1 Rc2 23. Bb4 Rb2 24. Nc3 Rxb4 0-1

[Event "4NCL Division 3 South"]
[Site "Milton Keynes, ENG"]
[Date "2022.06.26"]
[Round "8.31"]
[White "Sagues, Vincent"]
[Black "Wilson, Jaimie"]
[Result "1/2-1/2"]
[WhiteElo "2050"]
[BlackElo "2100"]
[PlyCount "59"]
[EventDate "2022.06.26"]
[WhiteTeam "Iceni 1"]
[BlackTeam "Wessex Some Stars A"]

1. e4 e5 2. Nf3 Nf6 3. Nxe5 d6 4. Nf3 Nxe4 5. Nc3 Nxc3 6. dxc3 Be7 7. Be3 O-O
8. Qd2 Nd7 9. O-O-O Nf6 10. Bd3 c5 11. Rhe1 Qa5 12. Kb1 Be6 13. c4 Qxd2 14.
Bxd2 h6 15. h3 d5 16. cxd5 Nxd5 17. Ne5 Bf6 18. Ng4 Be7 19. f4 Rfe8 20. f5 Bd7
21. Ne5 Red8 22. Nxd7 Rxd7 23. Bb5 Rc7 24. Bc4 Rd8 25. Ba5 b6 26. Rxd5 Rxd5 27.
Bxd5 bxa5 28. c4 Kf8 29. Kc2 Bf6 30. Re2 1/2-1/2

[Event "4NCL Division 3 South"]
[Site "Milton Keynes, ENG"]
[Date "2022.06.26"]
[Round "8.32"]
[White "Lukosius, Rolandas"]
[Black "Hughes, Roy"]
[Result "1-0"]
[WhiteElo "2039"]
[BlackElo "2102"]
[PlyCount "65"]
[EventDate "2022.06.26"]
[WhiteTeam "Wessex Some Stars A"]
[BlackTeam "Iceni 1"]

1. d4 d5 2. c4 c6 3. Nc3 Nf6 4. e3 e6 5. Nf3 Nbd7 6. Bd3 dxc4 7. Bxc4 b5 8. Bd3
Bb7 9. e4 e5 10. dxe5 Ng4 11. e6 fxe6 12. O-O Nc5 13. Bc2 a5 14. Ng5 Qxd1 15.
Rxd1 Be7 16. h3 Ne5 17. f4 Bxg5 18. fxg5 O-O 19. Be3 Ned7 20. Rd6 Rae8 21. Rad1
Re7 22. e5 g6 23. Ne4 Nxe4 24. Rxd7 Rxd7 25. Rxd7 Bc8 26. Rc7 Ng3 27. Bc5 Ne2+
28. Kh2 Re8 29. Be4 Nf4 30. Bxc6 Nd5 31. Ra7 Rd8 32. Ra8 Nc7 33. Bb6 1-0

[Event "4NCL Division 3 South"]
[Site "Milton Keynes, ENG"]
[Date "2022.06.26"]
[Round "8.33"]
[White "Ortiz Sanchez, Luis"]
[Black "Cooper, Paul F"]
[Result "1-0"]
[WhiteElo "1995"]
[BlackElo "2026"]
[PlyCount "51"]
[EventDate "2022.06.26"]
[WhiteTeam "Iceni 1"]
[BlackTeam "Wessex Some Stars A"]

1. e4 c5 2. Nc3 Nc6 3. Bb5 Nd4 4. Nf3 Nxb5 5. Nxb5 a6 6. Nc3 g6 7. d4 Bg7 8.
Be3 cxd4 9. Bxd4 Nf6 10. e5 Nh5 11. Nd5 Qa5+ 12. Bc3 Qc5 13. Bb4 Qc4 14. Bxe7
Bxe5 15. Nxe5 Qe4+ 16. Kf1 Qxe5 17. Qd2 Qxe7 18. Nxe7 Kxe7 19. Qb4+ d6 20. Re1+
Be6 21. Qxb7+ Kf6 22. b3 Rhc8 23. c4 a5 24. h3 a4 25. Kg1 Rab8 26. Qa6 1-0

[Event "4NCL Division 3 South"]
[Site "Milton Keynes, ENG"]
[Date "2022.06.26"]
[Round "8.34"]
[White "Goater, Kevin P"]
[Black "Gibbs, Dominic V"]
[Result "1-0"]
[WhiteElo "2032"]
[BlackElo "1984"]
[PlyCount "105"]
[EventDate "2022.06.26"]
[WhiteTeam "Wessex Some Stars A"]
[BlackTeam "Iceni 1"]

1. d4 Nf6 2. Bg5 d5 3. e3 g6 4. Bd3 Bg7 5. Nd2 c5 6. c3 Qb6 7. Rb1 Nc6 8. Ngf3
h6 9. Bh4 Bf5 10. Bxf5 gxf5 11. O-O Ne4 12. Nxe4 fxe4 13. Nd2 cxd4 14. exd4 O-O
15. Qh5 e5 16. Rfe1 Qa5 17. dxe5 Nxe5 18. Re3 Ng6 19. Bg3 Qd8 20. Rd1 Qg5 21.
Qxg5 hxg5 22. Bd6 Rfd8 23. Ba3 f5 24. Nb3 Ne5 25. Re2 Kf7 26. Nd4 Kf6 27. Nb5
Rd7 28. Bc5 a6 29. Na3 Nc6 30. Nc2 Ke6 31. f3 b6 32. Bxb6 Rb8 33. Bf2 Rdb7 34.
fxe4 dxe4 35. b3 Bxc3 36. g4 Ne5 37. gxf5+ Kxf5 38. Bg3 Re8 39. Rf1+ Kg6 40.
Rxe4 Bb2 41. Kg2 Rbe7 42. Rfe1 Nc6 43. Rxe7 Rxe7 44. Rxe7 Nxe7 45. Be1 Nc6 46.
b4 Kf5 47. a4 Nd4 48. Nxd4+ Bxd4 49. b5 axb5 50. axb5 Ke6 51. Bf2 Be5 52. b6
Kd7 53. Bg3 1-0

[Event "4NCL Division 3 South"]
[Site "Milton Keynes, ENG"]
[Date "2022.06.26"]
[Round "8.35"]
[White "Wilks, Simon"]
[Black "Pleasants, Allan J"]
[Result "1-0"]
[WhiteElo "1910"]
[BlackElo "2016"]
[PlyCount "107"]
[EventDate "2022.06.26"]
[WhiteTeam "Iceni 1"]
[BlackTeam "Wessex Some Stars A"]

1. e4 c6 2. Nc3 d5 3. Nf3 Bg4 4. h3 Bxf3 5. Qxf3 Nf6 6. Be2 dxe4 7. Nxe4 Nbd7
8. d4 e6 9. O-O Be7 10. c3 O-O 11. Rd1 Qb6 12. Bd3 Rfd8 13. Qe2 c5 14. Be3 Qc7
15. dxc5 Nxe4 16. Bxe4 Nxc5 17. Bc2 Rxd1+ 18. Rxd1 b6 19. Bxh7+ Kxh7 20. Bxc5
Rd8 21. Rxd8 Qxd8 22. Bd4 Bf6 23. Qe4+ g6 24. Bxf6 Qxf6 25. g3 Kg7 26. Kg2 Qe7
27. a4 Qc7 28. h4 Qe7 29. Qd4+ e5 30. Qd5 Qc7 31. c4 a5 32. g4 Qe7 33. Kg3 Qf6
34. Qe4 Qe6 35. g5 f5 36. gxf6+ Qxf6 37. Qb7+ Kh6 38. Qf3 Qd6 39. Qd5 Qf6 40.
Qd2+ Kh5 41. Qe2+ Kh6 42. Qe3+ Kh5 43. Qe4 Qf5 44. f3 Qxe4 45. fxe4 g5 46. hxg5
Kxg5 47. Kf3 Kh4 48. Ke3 Kg4 49. Kd3 Kf4 50. b4 axb4 51. c5 bxc5 52. a5 c4+ 53.
Kxc4 Kxe4 54. a6 1-0

[Event "4NCL Division 3 South"]
[Site "Milton Keynes, ENG"]
[Date "2022.06.26"]
[Round "8.36"]
[White "Westrap, Christian F"]
[Black "Calvert, D Ian"]
[Result "1/2-1/2"]
[WhiteElo "1982"]
[BlackElo "2004"]
[PlyCount "82"]
[EventDate "2022.06.26"]
[WhiteTeam "Wessex Some Stars A"]
[BlackTeam "Iceni 1"]

1. d4 d5 2. c4 c6 3. Nf3 Nf6 4. e3 g6 5. Nc3 Bg7 6. Be2 O-O 7. O-O dxc4 8. Bxc4
Bg4 9. h3 Bxf3 10. Qxf3 Nbd7 11. Rd1 e5 12. dxe5 Nxe5 13. Qe2 Qe7 14. Bb3 Rad8
15. e4 Rxd1+ 16. Bxd1 Rd8 17. Bc2 Ne8 18. f4 Nd7 19. Be3 Nc5 20. Qc4 b6 21. e5
Qe6 22. Qe2 Nc7 23. b4 Nb7 24. Bb3 Qe7 25. Qc4 c5 26. bxc5 Nxc5 27. Bxc5 Qxc5+
28. Qxc5 bxc5 29. Rd1 Rxd1+ 30. Nxd1 Kf8 31. Kf2 f6 32. exf6 Bxf6 33. g4 h6 34.
Ke3 Ke7 35. Ke4 Bd4 36. Ne3 Nb5 37. h4 Nd6+ 38. Kd3 Kf6 39. Nd5+ Kg7 40. Ne3
Kf6 41. Nd5+ Kg7 1/2-1/2

[Event "4NCL Division 3 South"]
[Site "Milton Keynes, ENG"]
[Date "2022.06.26"]
[Round "8.41"]
[White "Gardner, James"]
[Black "Robinson, James"]
[Result "1-0"]
[WhiteElo "2024"]
[BlackElo "1919"]
[PlyCount "113"]
[EventDate "2022.06.26"]
[WhiteTeam "MK Phoenix 1"]
[BlackTeam "Barnet Knights B"]

1. d4 Nf6 2. c4 c5 3. Nf3 cxd4 4. Nxd4 Nc6 5. Nc3 d6 6. g3 g6 7. Bg2 Bd7 8. O-O
Bg7 9. Nc2 h5 10. Bg5 Nh7 11. Be3 h4 12. c5 dxc5 13. Bxc5 Nf6 14. e4 Qc8 15. f4
hxg3 16. hxg3 Bh3 17. Qe2 Bxg2 18. Qxg2 b6 19. Bf2 Ng4 20. Ne3 Nxf2 21. Kxf2
Qh3 22. Qxh3 Rxh3 23. Kg2 Rh8 24. Rac1 O-O-O 25. Ncd5 Kb7 26. b4 e6 27. b5 exd5
28. bxc6+ Kc8 29. Nxd5 Rhe8 30. Rfe1 f5 31. Kf3 Bd4 32. Rcd1 fxe4+ 33. Rxe4
Rxe4 34. Kxe4 Bc5 35. g4 Re8+ 36. Kf3 Re6 37. c7 Bd6 38. f5 gxf5 39. gxf5 Re5
40. Kg4 Re2 41. Rh1 Rg2+ 42. Kf3 Rg3+ 43. Ke4 Rg4+ 44. Kf3 Rg3+ 45. Kf2 Rg8 46.
Rh6 Bc5+ 47. Kf3 Kb7 48. Ke4 b5 49. f6 a5 50. Kf5 b4 51. Ke6 Rf8 52. f7 a4 53.
Rh3 Ra8 54. Kd7 b3 55. axb3 a3 56. Rh2 Rf8 57. Ne7 1-0

[Event "4NCL Division 3 South"]
[Site "Milton Keynes, ENG"]
[Date "2022.06.26"]
[Round "8.42"]
[White "Horan, George"]
[Black "Brown, Alan M"]
[Result "1/2-1/2"]
[WhiteElo "1858"]
[BlackElo "2019"]
[PlyCount "56"]
[EventDate "2022.06.26"]
[WhiteTeam "Barnet Knights B"]
[BlackTeam "MK Phoenix 1"]

1. d4 Nf6 2. c4 e6 3. g3 Bb4+ 4. Bd2 Qe7 5. Bg2 Nc6 6. a3 Bxd2+ 7. Qxd2 d6 8.
e3 O-O 9. b4 e5 10. d5 Nb8 11. e4 Nbd7 12. Nc3 a5 13. Rc1 axb4 14. axb4 Nb6 15.
Qe2 Bd7 16. Nf3 Na4 17. O-O Nxc3 18. Rxc3 Ra4 19. Rb1 b6 20. Ne1 Rfa8 21. b5
Qd8 22. Nd3 Qc8 23. Rcb3 Ra2 24. R3b2 Rxb2 25. Qxb2 Ra4 26. Qb3 Qa8 27. Nb4 Qa5
28. Qb2 Ne8 1/2-1/2

[Event "4NCL Division 3 South"]
[Site "Milton Keynes, ENG"]
[Date "2022.06.26"]
[Round "8.43"]
[White "Smith, Graham"]
[Black "Colliety, Sean"]
[Result "1-0"]
[WhiteElo "1982"]
[BlackElo "1857"]
[PlyCount "119"]
[EventDate "2022.06.26"]
[WhiteTeam "MK Phoenix 1"]
[BlackTeam "Barnet Knights B"]

1. e4 c5 2. Nf3 d6 3. d4 cxd4 4. Qxd4 Nc6 5. Bb5 e5 6. Qd3 Bd7 7. Bxc6 Bxc6 8.
Nc3 Nf6 9. Bg5 Be7 10. Bxf6 Bxf6 11. O-O O-O 12. Rad1 Be7 13. Nd5 Bxd5 14. Qxd5
Qb6 15. b3 Rac8 16. Nd2 Rxc2 17. Nc4 Qc6 18. a4 Qxd5 19. Rxd5 Rc3 20. Rb1 Rc8
21. g3 Rc6 22. Kg2 b6 23. a5 bxa5 24. Rxa5 Rc7 25. Ne3 R3c5 26. Ra6 Bf8 27. b4
R5c6 28. Rba1 Rxa6 29. Rxa6 g6 30. Nd5 Rb7 31. g4 Kg7 32. f3 f6 33. Kf2 Kf7 34.
Ke2 Ke6 35. Kd3 f5 36. Kc4 fxe4 37. fxe4 h5 38. gxh5 gxh5 39. b5 h4 40. h3 Bh6
41. Rc6 Bf8 42. Rc7 Rxc7+ 43. Nxc7+ Kd7 44. Nd5 Kc8 45. Ne3 Be7 46. Nf5 Kd7 47.
Kd5 Bf8 48. Nxh4 Kc7 49. Nf5 Kb6 50. Kc4 d5+ 51. exd5 e4 52. h4 Kc7 53. h5 Kd7
54. Kd4 Kc7 55. d6+ Kd7 56. Kxe4 Ke6 57. Kf4 Bh6+ 58. Nxh6 Kxd6 59. Nf5+ Ke6
60. h6 1-0

[Event "4NCL Division 3 South"]
[Site "Milton Keynes, ENG"]
[Date "2022.06.26"]
[Round "8.44"]
[White "Vaidya, Raghav"]
[Black "Elwin, Adrian G"]
[Result "1/2-1/2"]
[WhiteElo "1830"]
[BlackElo "1980"]
[PlyCount "33"]
[EventDate "2022.06.26"]
[WhiteTeam "Barnet Knights B"]
[BlackTeam "MK Phoenix 1"]

1. c4 c5 2. g3 Nc6 3. Bg2 g6 4. Nc3 Bg7 5. Nf3 d6 6. O-O Nf6 7. d4 cxd4 8. Nxd4
Bd7 9. Nxc6 Bxc6 10. e4 O-O 11. Qd3 Ng4 12. Bf4 Rc8 13. Rac1 h6 14. h3 Ne5 15.
Bxe5 Bxe5 16. Rfd1 Qb6 17. b3 1/2-1/2

[Event "4NCL Division 3 South"]
[Site "Milton Keynes, ENG"]
[Date "2022.06.26"]
[Round "8.45"]
[White "Valentine, Brian J"]
[Black "Vyas, Alisha"]
[Result "0-1"]
[WhiteElo "1925"]
[BlackElo "1820"]
[PlyCount "152"]
[EventDate "2022.06.26"]
[WhiteTeam "MK Phoenix 1"]
[BlackTeam "Barnet Knights B"]

1. e4 c5 2. Nf3 d6 3. Bb5+ Bd7 4. Bxd7+ Qxd7 5. O-O Nc6 6. c3 g6 7. d4 cxd4 8.
cxd4 Bg7 9. Nc3 Nf6 10. h3 O-O 11. Bf4 Rfd8 12. Rc1 Rac8 13. Re1 b6 14. Bh2 Qb7
15. Qa4 Na5 16. b4 Nc4 17. Qb3 b5 18. e5 dxe5 19. dxe5 Nd5 20. Nxd5 Rxd5 21. e6
f5 22. Rcd1 Rcd8 23. Bf4 Qc6 24. Rxd5 Rxd5 25. Qc2 Bf6 26. h4 Kg7 27. Bg3 Qa6
28. Bf4 Qa3 29. Qb3 Qxb3 30. axb3 Nb2 31. Bb8 Nd3 32. Rd1 a6 33. g3 Nxb4 34.
Rxd5 Nxd5 35. Ne5 g5 36. hxg5 Bxg5 37. Nd3 Bd2 38. Be5+ Kg6 39. Kg2 Bc3 40.
Bxc3 Nxc3 41. Nc5 a5 42. Kf3 Kf6 43. Ke3 Ke5 44. f3 Kd5 45. Nb7 a4 46. Kd3 Nd1
47. bxa4 bxa4 48. Kc2 Ne3+ 49. Kc3 Nc4 50. Nd8 Nb6 51. Kb4 h5 52. Kb5 a3 53.
Nc6 Nc8 54. Nb4+ Kxe6 55. Ka4 a2 56. Nxa2 f4 57. g4 h4 58. Nc3 h3 59. Ne4 h2
60. Nf2 Kd5 61. Kb3 Kd4 62. g5 Nd6 63. g6 Nf5 64. Kc2 Ke3 65. Ng4+ Kxf3 66.
Nxh2+ Kg2 67. Ng4 f3 68. Kd2 f2 69. Ne3+ Nxe3 70. g7 Nf1+ 71. Kc3 Ng3 72. g8=Q
f1=Q 73. Kd4 Qa1+ 74. Kc5 Qa5+ 75. Kd4 e5+ 76. Ke3 Qc3# 0-1

[Event "4NCL Division 3 South"]
[Site "Milton Keynes, ENG"]
[Date "2022.06.26"]
[Round "8.46"]
[White "Borces, Randolf Catan"]
[Black "Reed, Darren"]
[Result "1/2-1/2"]
[WhiteElo "1800"]
[BlackElo "1906"]
[PlyCount "45"]
[EventDate "2022.06.26"]
[WhiteTeam "Barnet Knights B"]
[BlackTeam "MK Phoenix 1"]

1. d4 e6 2. Nf3 f5 3. c4 Nf6 4. g3 Be7 5. Bg2 d6 6. b3 O-O 7. O-O a5 8. a3 Ne4
9. Bb2 Bf6 10. Qc2 Qe8 11. Nc3 Nxc3 12. Bxc3 e5 13. dxe5 dxe5 14. Qb2 Nc6 15.
Rfd1 e4 16. Nd4 Nxd4 17. Bxd4 Bd7 18. e3 c5 19. Bxf6 Rxf6 20. Rd2 Qe7 21. Rad1
Be8 22. a4 Bc6 23. Qc3 1/2-1/2

[Event "4NCL Division 3 South"]
[Site "Milton Keynes, ENG"]
[Date "2022.06.26"]
[Round "8.51"]
[White "Nelson, Omowale"]
[Black "Rogacewicz, Mikolaj"]
[Result "0-1"]
[WhiteElo "2011"]
[BlackElo "1974"]
[PlyCount "96"]
[EventDate "2022.06.26"]
[WhiteTeam "Watford A"]
[BlackTeam "Sussex Martlets 2"]

1. d4 e6 2. c4 Nf6 3. g3 d5 4. Bg2 dxc4 5. Nf3 Bb4+ 6. Bd2 a5 7. O-O O-O 8. Qc2
b5 9. a4 c6 10. Na3 Bd7 11. Rfd1 Ra6 12. Bf1 Qe7 13. e4 h6 14. Bf4 Rd8 15. d5
exd5 16. exd5 cxd5 17. axb5 Re6 18. Nd4 Re4 19. Bg2 Rxf4 20. gxf4 Qd6 21. Ne2
Qc5 22. Nd4 Bg4 23. f3 Bc8 24. Kh1 Nh5 25. Qc1 Qc7 26. Ne2 Qb6 27. Nc2 Qxb5 28.
Ned4 Qc5 29. Qe3 Qd6 30. Nxb4 axb4 31. f5 Kf8 32. Re1 Bd7 33. Qd2 Nf4 34. Bf1
Rc8 35. Ra5 Qb6 36. Rea1 Nd3 37. Rxd5 Bc6 38. Nxc6 Qxc6 39. Raa5 Qf6 40. Bxd3
cxd3 41. Qxb4+ Kg8 42. Rxd3 Rc1+ 43. Kg2 Rc2+ 44. Kh3 Nc6 45. Ra8+ Kh7 46. Qe4
Qg5 47. Qg4 Qc1 48. Qe4 Qf1+ 0-1